[Event "BCF-ch PM U2050 op"]
[White "Davis, Timothy J"]
[Black "Mollison, Jamie"]
[Site "Hull"]
[Round "5"]
[Result "1-0"]
[Date "2024.08.02"]
[WhiteElo "1828"]
[BlackElo "1914"]
[PlyCount "85"]
[EventDate "2024.07.29"]
[EventType "swiss"]
[EventRounds "6"]
[EventCountry "ENG"]
[SourceTitle "CBM 221 Extra"]
[Source "ChessBase"]
[SourceDate "2024.09.30"]
[SourceVersion "1"]
[SourceVersionDate "2024.09.30"]
[SourceQuality "1"]

1. e4 e6 2. d4 d5 3. Nc3 Nf6 4. e5 Nfd7 5. f4 c5 6. Nf3 Nc6 7. Be3 cxd4 8. Nxd4 Bc5 9. Qd2 Nxd4 10. Bxd4 Bxd4 11. Qxd4 a6 12. Bd3 Qb6 13. Qxb6 Nxb6 14. a4 Bd7 15. a5 Nc8 16. Kd2 Ne7 17. Ne2 0-0 18. Nd4 f6 19. Rhf1 f5 20. h4 Kf7 21. Ke3 h6 22. Rh1 Rac8 23. Ra3 Rc5 24. Rb3 Bc8 25. Ra1 Nc6 26. Nxc6 Rxc6 27. Raa3 h5 28. Rc3 Bd7 29. Rab3 Rxc3 30. Rxc3 Bc6 31. Kd4 Ke7 32. Kc5 Kd7 33. Kb6 Rc8 34. g3 Ba4 35. Rxc8 Kxc8 36. b4 g6 37. c4 dxc4 38. Bxc4 Bd7 39. Be2 Bc6 40. Bxa6 Bd5 41. Bd3 Kb8 42. Kc5 Kc7 43. Bc4 1-0

[Event "BCF-ch PM U2050 op"]
[White "Keerthi Kumar, Advait"]
[Black "Davis, Timothy J"]
[Site "Hull"]
[Round "4"]
[Result "1-0"]
[Date "2024.08.01"]
[WhiteElo "1795"]
[BlackElo "1828"]
[PlyCount "53"]
[EventDate "2024.07.29"]
[EventType "swiss"]
[EventRounds "6"]
[EventCountry "ENG"]
[SourceTitle "CBM 221 Extra"]
[Source "ChessBase"]
[SourceDate "2024.09.30"]
[SourceVersion "1"]
[SourceVersionDate "2024.09.30"]
[SourceQuality "1"]

1. e4 c6 2. d4 d5 3. e5 Bf5 4. Bd3 Bxd3 5. Qxd3 e6 6. Ne2 Ne7 7. 0-0 Nd7 8. Ng3 Qb6 9. c3 c5 10. a3 Nc6 11. Rd1 a5 12. a4 Be7 13. Na3 c4 14. Qc2 Bxa3 15. Rxa3 0-0 16. Ra1 Qd8 17. Be3 Rb8 18. f4 b5 19. f5 exf5 20. Nxf5 bxa4 21. Qe2 Kh8 22. Qg4 Rg8 23. Rf1 f6 24. e6 Nf8 25. Bf4 Rb7 26. Nd6 Nxe6 27. Qxe6 1-0

[Event "BCF-ch PM U2050 op"]
[White "Davis, Timothy J"]
[Black "Gordon, Sean"]
[Site "Hull"]
[Round "3"]
[Result "1-0"]
[Date "2024.07.31"]
[WhiteElo "1828"]
[BlackElo "1941"]
[PlyCount "91"]
[EventDate "2024.07.29"]
[EventType "swiss"]
[EventRounds "6"]
[EventCountry "ENG"]
[SourceTitle "CBM 221 Extra"]
[Source "ChessBase"]
[SourceDate "2024.09.30"]
[SourceVersion "1"]
[SourceVersionDate "2024.09.30"]
[SourceQuality "1"]

1. e4 e5 2. Nf3 Nc6 3. Bb5 a6 4. Ba4 Nf6 5. 0-0 Nxe4 6. d4 b5 7. Bb3 d5 8. dxe5 Be6 9. Nbd2 Be7 10. Nxe4 dxe4 11. Bxe6 fxe6 12. Nd2 e3 13. fxe3 Nxe5 14. Qh5+ Ng6 15. a4 b4 16. Nc4 Qd5 17. Qxd5 exd5 18. Na5 Ne5 19. b3 Bf6 20. Bb2 Ng4 21. Bxf6 Nxf6 22. Nc6 a5 23. Rad1 Kd7 24. Nd4 Rhg8 25. Nf5 Raf8 26. e4 c6 27. exd5 Nxd5 28. Ne3 Rxf1+ 29. Kxf1 Rf8+ 30. Kg1 Ke6 31. Nc4 Ra8 32. Re1+ Kf6 33. Ne5 Re8 34. Nd7+ Kf7 35. Rxe8 Kxe8 36. Ne5 Ne3 37. Nxc6 Nxc2 38. Nxa5 Kd7 39. Kf2 Kc7 40. Ke2 Kb6 41. Kd2 Na1 42. Kc1 Kxa5 43. Kb2 Nxb3 44. Kxb3 g6 45. g3 h6 46. h3 1-0

[Event "GBR-ch Major op 109th"]
[White "Pang, Ethan"]
[Black "Davis, Timothy J"]
[Site "Leicester"]
[Round "5"]
[Result "1/2-1/2"]
[Date "2023.07.26"]
[WhiteElo "1553"]
[BlackElo "1737"]
[PlyCount "73"]
[EventDate "2023.07.22"]
[EventType "swiss"]
[EventRounds "9"]
[EventCountry "ENG"]
[SourceTitle "EXT 2024"]
[Source "ChessBase"]
[SourceDate "2023.10.10"]
[SourceVersion "1"]
[SourceVersionDate "2023.10.10"]
[SourceQuality "1"]

1. e4 c6 2. d4 d5 3. e5 Bf5 4. h4 h5 5. Bg5 Qb6 6. Bd3 Bxd3 7. Qxd3 e6 8. Nd2 Qxb2 9. Rb1 Qxa2 10. Rxb7 Qa1+ 11. Ke2 Be7 12. Nb3 Qa2 13. Nf3 Bxg5 14. Ra1 Qb2 15. Nxg5 Nd7 16. Nxf7 Kxf7 17. Rxd7+ Ne7 18. Raxa7 Rxa7 19. Rxa7 Re8 20. Nd2 Kg8 21. Qa3 Qxa3 22. Rxa3 Nf5 23. Nf3 Rc8 24. Rc3 Kf7 25. g3 Ke7 26. Kd2 Kd7 27. Kc1 Ra8 28. Kb2 Ra4 29. Ra3 Rb4+ 30. Rb3 Ra4 31. c3 c5 32. Ra3 Rxa3 33. Kxa3 Kc6 34. dxc5 Kxc5 35. Ng5 Kc4 36. Kb2 d4 37. cxd4 1/2-1/2

[Event "GBR-ch Major op 109th"]
[White "Pal, Rohan"]
[Black "Davis, Timothy J"]
[Site "Leicester"]
[Round "1"]
[Result "1/2-1/2"]
[Date "2023.07.22"]
[WhiteElo "1966"]
[BlackElo "1737"]
[PlyCount "77"]
[EventDate "2023.07.22"]
[EventType "swiss"]
[EventRounds "9"]
[EventCountry "ENG"]
[SourceTitle "EXT 2024"]
[Source "ChessBase"]
[SourceDate "2023.10.10"]
[SourceVersion "1"]
[SourceVersionDate "2023.10.10"]
[SourceQuality "1"]

1. e4 e5 2. Nf3 Nc6 3. Bc4 Bc5 4. c3 Nf6 5. d3 a6 6. a4 d6 7. Bg5 Ba7 8. Nbd2 h6 9. Bh4 0-0 10. 0-0 Qe7 11. b4 Be6 12. Bxe6 Qxe6 13. Qb3 Qxb3 14. Nxb3 g5 15. Bg3 Nd8 16. Rfe1 Re8 17. d4 exd4 18. e5 dxe5 19. Bxe5 Nd5 20. Nfxd4 f6 21. Bg3 Nf7 22. Ne6 Rac8 23. Nbc5 Bxc5 24. Nxc5 Nxc3 25. Nxb7 Ne2+ 26. Kf1 Nxg3+ 27. hxg3 Rxe1+ 28. Kxe1 Rb8 29. Nc5 Rxb4 30. Nxa6 Rb7 31. Nc5 Ra7 32. a5 Kf8 33. a6 Ke7 34. Rb1 Kd6 35. Rb7 Ra8 36. Ne4+ Ke5 37. Rxc7 Kxe4 38. Rxf7 Rxa6 39. Re7+ 1/2-1/2

[Event "Basingstoke 4NCL Spring Bank 2nd U2050"]
[White "Cordova Lopez, Diego Anton"]
[Black "Davis, Timothy J"]
[Site "Basingstoke"]
[Round "4"]
[Result "0-1"]
[Date "2019.05.26"]
[WhiteElo "1478"]
[BlackElo "1822"]
[PlyCount "56"]
[EventDate "2019.05.24"]
[EventType "swiss"]
[EventRounds "7"]
[EventCountry "ENG"]
[SourceTitle "EXT 2020"]
[Source "ChessBase"]
[SourceDate "2019.10.17"]
[SourceVersion "1"]
[SourceVersionDate "2019.10.17"]
[SourceQuality "1"]

1. e4 c6 2. d4 d5 3. Nc3 dxe4 4. Nxe4 Nf6 5. Nxf6+ gxf6 6. Bc4 Bf5 7. Nf3 Qc7 8. 0-0 Nd7 9. c3 e6 10. Re1 0-0-0 11. a4 Bd6 12. g3 h5 13. Nh4 Bg4 14. Be2 f5 15. Ng2 Bxe2 16. Qxe2 Rdg8 17. Kh1 c5 18. Bf4 Bxf4 19. Nxf4 h4 20. Qf3 hxg3 21. fxg3 Nf6 22. a5 Ne4 23. Rg1 Qc6 24. Rg2 Nxg3+ 25. Rxg3 Rxg3 26. Qxc6+ bxc6 27. dxc5 Rf3 28. Ra4 Rh4 0-1

[Event "Basingstoke 4NCL Spring Bank 2nd U2050"]
[White "Buanne, Luca"]
[Black "Davis, Timothy J"]
[Site "Basingstoke"]
[Round "2"]
[Result "1-0"]
[Date "2019.05.25"]
[WhiteElo "1536"]
[BlackElo "1822"]
[PlyCount "101"]
[EventDate "2019.05.24"]
[EventType "swiss"]
[EventRounds "7"]
[EventCountry "ENG"]
[SourceTitle "EXT 2020"]
[Source "ChessBase"]
[SourceDate "2019.10.17"]
[SourceVersion "1"]
[SourceVersionDate "2019.10.17"]
[SourceQuality "1"]

1. e4 c6 2. d4 d5 3. Nc3 dxe4 4. Nxe4 Nf6 5. Bd3 Qxd4 6. Nf3 Qd5 7. Nc3 Qe6+ 8. Be3 Ng4 9. Qd2 Nxe3 10. fxe3 Nd7 11. 0-0 Ne5 12. Ng5 Qh6 13. Nxf7 Nxf7 14. Nb5 Nd6 15. Nc7+ Kd8 16. Nxa8 b6 17. c4 Qg5 18. Rac1 c5 19. Be4 Bd7 20. Rcd1 Qe5 21. Bf3 g6 22. Qd3 Kc8 23. a4 Bh6 24. e4 Bc6 25. Nxb6+ axb6 26. a5 Qd4+ 27. Qxd4 cxd4 28. b3 e5 29. axb6 Bxe4 30. c5 Bxf3 31. gxf3 Nb5 32. c6 Kb8 33. Ra1 Nd6 34. Ra7 Be3+ 35. Kg2 d3 36. c7+ Kc8 37. Ra8+ Kb7 38. Rxh8 Bxb6 39. Rxh7 Bxc7 40. Rd1 Kb8 41. Rxd3 Nb5 42. Rdd7 Kc8 43. Rxc7+ Nxc7 44. Rxc7+ Kxc7 45. Kf2 Kc6 46. Ke3 Kd5 47. b4 Kc4 48. Ke4 Kxb4 49. Kxe5 Kc5 50. Kf6 Kd4 51. Kxg6 1-0

[Event "Basingstoke 4NCL Spring Bank op-B 1st"]
[White "Orsagova, Erika"]
[Black "Davis, Timothy J"]
[Site "Basingstoke"]
[Round "5"]
[Result "1/2-1/2"]
[Date "2018.05.27"]
[WhiteElo "2040"]
[BlackElo "1845"]
[PlyCount "147"]
[EventDate "2018.05.25"]
[EventType "swiss"]
[EventRounds "7"]
[EventCountry "ENG"]
[SourceTitle "CBM 184 Extra"]
[Source "ChessBase"]
[SourceDate "2018.06.28"]
[SourceVersion "1"]
[SourceVersionDate "2018.06.28"]
[SourceQuality "1"]

1. e4 d5 2. exd5 Qxd5 3. Nc3 Qa5 4. d4 Nf6 5. Nf3 c6 6. Bd3 Bg4 7. h3 Bh5 8. g4 Bg6 9. Ne5 Ne4 10. Bd2 Nxd2 11. Bxg6 hxg6 12. Qxd2 Nd7 13. 0-0-0 e6 14. Qf4 Nxe5 15. dxe5 Bb4 16. Nb1 Be7 17. a3 g5 18. Qe4 Rd8 19. Rxd8+ Bxd8 20. Nd2 Qd5 21. Qxd5 cxd5 22. Nf3 a6 23. Kd2 f6 24. exf6 gxf6 25. Nd4 Kd7 26. Kd3 Bb6 27. f3 Bxd4 28. Kxd4 Kd6 29. c3 f5 30. gxf5 Rh4+ 31. Ke3 exf5 32. Rg1 f4+ 33. Kd4 Rxh3 34. Rxg5 Rxf3 35. Rg6+ Kc7 36. Kxd5 Rf2 37. b3 Rb2 38. b4 f3 39. Rf6 f2 40. a4 Kd7 41. Rf7+ Ke8 42. Rf3 Ke7 43. a5 Rd2+ 44. Ke5 Rc2 45. Kd5 Kd7 46. Rf7+ Kc8 47. Rf3 b6 48. axb6 Kb7 49. Rf6 Rxc3 50. Rxf2 Kxb6 51. Rb2 Kb5 52. Ra2 Rd3+ 53. Ke4 Rd6 54. Rb2 Kc4 55. Ke5 Rb6 56. Ke4 Rxb4 57. Rh2 Kb3+ 58. Kd3 Rb8 59. Kd2 Rc8 60. Kd1 a5 61. Rh5 a4 62. Rb5+ Ka2 63. Kd2 a3 64. Rb4 Ka1 65. Ra4 Kb2 66. Rb4+ Ka2 67. Rb5 Ka1 68. Ra5 a2 69. Rb5 Rh8 70. Kc1 Rh1+ 71. Kc2 Rb1 72. Ra5 Rb2+ 73. Kc1 Rb4 74. Rc5 1/2-1/2

[Event "BCF-ch U180"]
[White "Riding, Mick D"]
[Black "Davis, Timothy J"]
[Site "Coventry"]
[Round "4"]
[Result "1/2-1/2"]
[Date "2015.07.30"]
[WhiteElo "1881"]
[BlackElo "1937"]
[PlyCount "42"]
[EventDate "2015.07.27"]
[EventType "swiss"]
[EventRounds "5"]
[EventCountry "ENG"]
[SourceTitle "EXT 2016"]
[Source "ChessBase"]
[SourceDate "2015.10.08"]
[SourceVersion "1"]
[SourceVersionDate "2015.10.08"]
[SourceQuality "1"]

1. f4 Nf6 2. Nf3 g6 3. g3 Bg7 4. d3 d5 5. c3 0-0 6. Bg2 c6 7. 0-0 Qb6+ 8. e3 Bg4 9. a4 Nbd7 10. a5 Qc7 11. Qe1 Bf5 12. Qd1 e5 13. fxe5 Nxe5 14. Nxe5 Qxe5 15. Na3 Qc7 16. Nc2 Rfe8 17. Nd4 Bg4 18. Bf3 Bxf3 19. Qxf3 h5 20. h3 Qd7 21. Kg2 c5 1/2-1/2

[Event "BCF-ch U180"]
[White "Davis, Timothy J"]
[Black "Brown, Geoffrey M"]
[Site "Coventry"]
[Round "2"]
[Result "1/2-1/2"]
[Date "2015.07.28"]
[WhiteElo "1937"]
[BlackElo "1726"]
[PlyCount "168"]
[EventDate "2015.07.27"]
[EventType "swiss"]
[EventRounds "5"]
[EventCountry "ENG"]
[SourceTitle "EXT 2016"]
[Source "ChessBase"]
[SourceDate "2015.10.08"]
[SourceVersion "1"]
[SourceVersionDate "2015.10.08"]
[SourceQuality "1"]

1. d4 e6 2. Nf3 f5 3. g3 Nf6 4. Bg2 Be7 5. 0-0 0-0 6. c4 d6 7. Nc3 Ne4 8. Qc2 Nxc3 9. Qxc3 Nd7 10. Rd1 Qe8 11. Ne1 Rb8 12. Be3 a6 13. c5 Nf6 14. cxd6 Bxd6 15. Nd3 Nd5 16. Bxd5 exd5 17. Rd2 Rf6 18. Bf4 c6 19. Bxd6 Rxd6 20. Ne5 Qh5 21. Qf3 Qh3 22. b4 Be6 23. a4 Rf8 24. e3 g5 25. Qg2 Qh5 26. f4 h6 27. Rb2 Qe8 28. Qe2 Bf7 29. b5 Bh5 30. Qd3 Re6 31. bxa6 bxa6 32. Qxa6 Rxe5 33. dxe5 Bf3 34. a5 d4 35. Qf1 Qh5 36. exd4 gxf4 37. gxf4 Kh8 38. Rg2 Bxg2 39. Kxg2 Rg8+ 40. Kh1 Qf7 41. Qf3 Qc4 42. Rd1 Rb8 43. Qf1 Qd5+ 44. Qg2 Qxg2+ 45. Kxg2 Rb2+ 46. Kg3 Ra2 47. Re1 Rxa5 48. e6 Ra8 49. Rc1 Kg7 50. Rxc6 Kf6 51. d5 Ra3+ 52. Kh4 Rd3 53. Rd6 Rd4 54. Rd7 Rxf4+ 55. Kh5 Re4 56. Rf7+ Ke5 57. Rd7 Kf6 58. Rh7 Re2 59. h4 f4 60. Kg4 Ke5 61. Rxh6 Kxd5 62. Kxf4 Rxe6 63. Rh5+ Kd6 64. Rf5 Ke7 65. Kg5 Re1 66. Kg6 Re6+ 67. Kg7 Re1 68. Rg5 Ke8 69. h5 Re7+ 70. Kg8 Kd8 71. Rd5+ Ke8 72. Rf5 Re6 73. Rf8+ Ke7 74. Rf7+ Ke8 75. Kg7 Re1 76. Rf6 Ke7 77. Rg6 Rf1 78. h6 Rf7+ 79. Kh8 Rf8+ 80. Rg8 Rf1 81. Kg7 Rg1+ 82. Kh7 Rf1 83. Rg7+ Kf8 84. Kg6 Rg1+ 1/2-1/2

[Event "Hampstead U1900 op 30th"]
[White "Davis, Timothy J"]
[Black "Sanitt, Ethan"]
[Site "Hampstead"]
[Round "4"]
[Result "1-0"]
[Date "2015.07.05"]
[WhiteElo "1714"]
[BlackElo "1545"]
[PlyCount "97"]
[EventDate "2015.07.04"]
[EventType "swiss"]
[EventRounds "5"]
[EventCountry "ENG"]
[SourceTitle "EXT 2025"]
[Source "ChessBase"]
[SourceDate "2024.10.14"]
[SourceVersion "1"]
[SourceVersionDate "2024.10.14"]
[SourceQuality "1"]

1. d4 d5 2. c4 c6 3. Nf3 Nf6 4. e3 Bg4 5. Qb3 Qb6 6. Ne5 Nbd7 7. Nxg4 Nxg4 8. cxd5 Qxb3 9. axb3 cxd5 10. Nc3 e6 11. f3 Nh6 12. e4 dxe4 13. fxe4 Ng4 14. Be2 Ngf6 15. e5 Nd5 16. Nxd5 exd5 17. Bd2 a6 18. Bf3 Rd8 19. Bxd5 Nxe5 20. Bxb7 Rxd4 21. Bc3 Bb4 22. 0-0 Bxc3 23. bxc3 Rd7 24. Bxa6 0-0 25. Be2 g6 26. Rfd1 Rc7 27. Rdc1 Rd8 28. b4 Rd2 29. Bf1 Nd3 30. Bxd3 Rxd3 31. Ra3 Kf8 32. b5 Ke7 33. b6 Rb7 34. Ra7 Rxa7 35. bxa7 Rd8 36. Re1+ Kf6 37. Ra1 Ra8 38. Kf2 Ke6 39. Ke3 Ke5 40. c4 Kd6 41. Kd4 f6 42. Ra6+ Kc7 43. Kd5 Kd7 44. c5 Kc7 45. Ke6 Kb7 46. Ra5 Re8+ 47. Kd7 Ra8 48. c6+ Kb6 49. Ra1 1-0

[Event "Hampstead U1900 op 30th"]
[White "Finnegan, Oliver"]
[Black "Davis, Timothy J"]
[Site "Hampstead"]
[Round "5"]
[Result "1-0"]
[Date "2015.07.05"]
[WhiteElo "1753"]
[BlackElo "1714"]
[PlyCount "79"]
[EventDate "2015.07.04"]
[EventType "swiss"]
[EventRounds "5"]
[EventCountry "ENG"]
[SourceTitle "EXT 2025"]
[Source "ChessBase"]
[SourceDate "2024.10.14"]
[SourceVersion "1"]
[SourceVersionDate "2024.10.14"]
[SourceQuality "1"]

1. d4 d5 2. c4 dxc4 3. e3 Nf6 4. Bxc4 e6 5. Nf3 c5 6. 0-0 a6 7. a3 Nc6 8. Nc3 b5 9. Ba2 Bb7 10. d5 exd5 11. Nxd5 Nxd5 12. Bxd5 Be7 13. Ne5 Nxe5 14. Bxb7 Ra7 15. Be4 0-0 16. Bxh7+ Kxh7 17. Qh5+ Kg8 18. Qxe5 c4 19. e4 Rd7 20. Qg3 Re8 21. Bh6 Bf6 22. Rae1 Qc7 23. Bf4 Be5 24. Bxe5 Qxe5 25. Qxe5 Rxe5 26. f4 Rc5 27. Rd1 Rcc7 28. Kf2 a5 29. Ke2 Kf8 30. Rxd7 Rxd7 31. Rd1 Rxd1 32. Kxd1 Ke7 33. Kc2 Kd6 34. g4 Kc5 35. g5 g6 36. f5 Kd4 37. fxg6 fxg6 38. h4 Ke5 39. Kc3 Kf4 40. a4 1-0

[Event "Hampstead U1900 op 30th"]
[White "Davis, Timothy J"]
[Black "Pink, Joshua"]
[Site "Hampstead"]
[Round "2"]
[Result "1/2-1/2"]
[Date "2015.07.04"]
[WhiteElo "1714"]
[BlackElo "1826"]
[PlyCount "86"]
[EventDate "2015.07.04"]
[EventType "swiss"]
[EventRounds "5"]
[EventCountry "ENG"]
[SourceTitle "EXT 2025"]
[Source "ChessBase"]
[SourceDate "2024.10.14"]
[SourceVersion "1"]
[SourceVersionDate "2024.10.14"]
[SourceQuality "1"]

1. e4 e5 2. Nf3 Nc6 3. Bb5 a6 4. Ba4 Nf6 5. 0-0 b5 6. Bb3 Be7 7. Re1 0-0 8. Nc3 d6 9. h3 Na5 10. d4 Nxb3 11. axb3 exd4 12. Nxd4 Bd7 13. Nd5 Re8 14. Qf3 c5 15. Nf5 Nxd5 16. exd5 Bxf5 17. Qxf5 Bf6 18. Re4 Rxe4 19. Qxe4 Qd7 20. Qg4 Qxg4 21. hxg4 g6 22. c3 Re8 23. Bf4 Be5 24. Re1 c4 25. b4 f6 26. g3 Kf7 27. Kg2 Bxf4 28. Rxe8 Kxe8 29. gxf4 Kf7 30. Kg3 h6 31. Kh4 g5+ 32. Kg3 Kg6 33. f5+ Kf7 34. Kf3 Kg7 35. Kg3 Kf7 36. f4 Ke7 37. fxg5 fxg5 38. Kf3 Kf6 39. Ke4 Ke7 40. Ke3 Kf7 41. Kd4 Kg7 42. Ke3 Kf6 43. Ke4 Ke7 1/2-1/2